Normal view MARC view
  • Jacobo Cúpich, Zardel

Entry Nombre Personal

Number of records used in: 5

001 - NUMERO DE CONTROL

  • campo de control: 37526

003 - IDENTIFICADOR DE NUMERO DE CONTROL

  • campo de control: MX-MxUPN

005 - FECHA Y HORA DE LA ÜLTIMA TRANSACCIÓN

  • campo de control: 20240521164408.0

008 - DATOS DE LONGITUD FIJA

  • campo de control de longitud fija: 240521n| acannaabn a aaa |d

035 ## - NUMERO DE CONTROL

  • Número de control: UPN11000009633

040 ## - FUENTE DE CATALOGACIÓN

  • Agencia original de catalogación: MX-MxUPN
  • Lenguaje de catalogación: spa
  • Agencia de transcripción: MX-MxUPN

100 1# - ENCABEZAMIENTO - NOMBRE PERSONAL

  • Nombre personal: Jacobo Cúpich, Zardel

400 1# - VEÁSE - NOMBRE DE PERSONA

  • Personal name: Jacobo, Zardel

670 ## - FUENTE EN LA QUE SE LOCALIZARON DATOS

  • Cita de la fuente: T
  • Información localizada: Las paradojas de la integración / exclusión en las prácticas educativas : efectos de discriminación o lazo social

670 ## - FUENTE EN LA QUE SE LOCALIZARON DATOS

  • Cita de la fuente: Educación superior : discapacidad, experiencias y reflexiones : hacia una transformación cultural incluyente en tiempos de pandemia, 2022:
  • Información localizada: portada (Zardel Jacobo)

680 ## - NOTA PUBLICA DE ACCESO PÚBLICO

  • Frase explicativa de la referencia: México. Profra. de la Unidad de Investigación Interdisciplinaria en Ciencias de la Salud y de la Educación (FES Iztacala). Mtría. en Ciencias, especialidad en Educación (CINVESTAV-DIE-IPN)

902 ## - CATALOGADOR

  • Catalogador: EMR/250815